Planting missional churches : (Record no. 8817)
[ view plain ]
| 000 -LEADER | |
|---|---|
| fixed length control field | 00941cam a2200277Ii 4500 |
| 001 - CONTROL NUMBER | |
| control field | 926062379 |
| 003 - CONTROL NUMBER IDENTIFIER | |
| control field | OCoLC |
| 005 - DATE AND TIME OF LATEST TRANSACTION | |
| control field | 20241126110659.0 |
| 008 - FIXED-LENGTH DATA ELEMENTS--GENERAL INFORMATION | |
| fixed length control field | 151021s2016 tnua b 001 0 eng d |
| 020 ## - INTERNATIONAL STANDARD BOOK NUMBER | |
| International Standard Book Number | 1433692163 |
| 020 ## - INTERNATIONAL STANDARD BOOK NUMBER | |
| International Standard Book Number | 9781433692161 |
| 035 ## - SYSTEM CONTROL NUMBER | |
| System control number | (OCoLC)926062379 |
| Canceled/invalid control number | (OCoLC)928109702 |
| 040 ## - CATALOGING SOURCE | |
| Original cataloging agency | YDXCP |
| Language of cataloging | eng |
| Description conventions | rda |
| Transcribing agency | YDXCP |
| Modifying agency | BTCTA |
| -- | BDX |
| -- | OCLCQ |
| -- | IDA |
| -- | OCLCF |
| -- | JET |
| 082 ## - DEWEY DECIMAL CLASSIFICATION NUMBER | |
| Classification number | 254.5 |
| Item number | STE |
| 092 ## - LOCALLY ASSIGNED DEWEY CALL NUMBER (OCLC) | |
| Item number | S841P |
| 100 1# - MAIN ENTRY--PERSONAL NAME | |
| Personal name | Stetzer, Ed |
| 9 (RLIN) | 14181 |
| 245 10 - TITLE STATEMENT | |
| Title | Planting missional churches : |
| Remainder of title | your guide to starting churches that multiply / |
| Statement of responsibility, etc. | Ed Stetzer and Daniel Im |
| 250 ## - EDITION STATEMENT | |
| Edition statement | Second edition |
| 264 #1 - PRODUCTION, PUBLICATION, DISTRIBUTION, MANUFACTURE, AND COPYRIGHT NOTICE | |
| Place of production, publication, distribution, manufacture | Nashville, Tennesee : |
| Name of producer, publisher, distributor, manufacturer | B&H Academic, |
| Date of production, publication, distribution, manufacture, or copyright notice | c2016 |
| 300 ## - PHYSICAL DESCRIPTION | |
| Extent | xii, 401 pages : |
| Other physical details | illustrations ; |
| Dimensions | 24 cm |
| 504 ## - BIBLIOGRAPHY, ETC. NOTE | |
| Bibliography, etc. note | Includes bibliographical references (pages 377-391) and indexes |
| 650 #0 - SUBJECT ADDED ENTRY--TOPICAL TERM | |
| Topical term or geographic name entry element | Church development, New |
| 9 (RLIN) | 42 |
| 650 #0 - SUBJECT ADDED ENTRY--TOPICAL TERM | |
| Topical term or geographic name entry element | Church growth |
| 9 (RLIN) | 291 |
| 700 1# - ADDED ENTRY--PERSONAL NAME | |
| Personal name | Im, Daniel, |
| Relator term | author |
| 9 (RLIN) | 15509 |
| 942 ## - ADDED ENTRY ELEMENTS (KOHA) | |
| Source of classification or shelving scheme | Dewey Decimal Classification |
| Koha item type | Books |
| Koha issues (borrowed), all copies | 23 |
| Withdrawn status | Lost status | Source of classification or shelving scheme | Damaged status | Not for loan | Home library | Current Library | Shelving location | Date acquired | Total checkouts | Total renewals | Full call number | Barcode | Date last seen | Date last checked out | Copy number | Price effective from | Koha item type |
|---|---|---|---|---|---|---|---|---|---|---|---|---|---|---|---|---|---|
| Dewey Decimal Classification | GRACE BIBLE COLLEGE | GRACE BIBLE COLLEGE | Ministry & Mission | 2021-11-04 | 17 | 2 | 254.5 STE | 015247 | 2026-02-16 | 2026-02-09 | c.1 | 2021-11-04 | Books | ||||
| Dewey Decimal Classification | GRACE BIBLE COLLEGE | GRACE BIBLE COLLEGE | Ministry & Mission | 2021-11-04 | 15 | 3 | 254.5 STE | 015248 | 2026-02-02 | 2026-01-27 | c.2 | 2021-11-04 | Books |